000 00689cam a22002657a 4500
003 CHAP
005 20220329135044.0
008 971013s1931 r 00010 d
010 _a30222
011 _a31194
035 _a35306
040 _cCHAP
082 _a634.61
_bC66
100 0 0 _aCopeland, Edwin Bingham.
_927872
245 1 4 _aThe coconut
250 _a3 ed.
260 _aLondon :
_bMacMillan,
_c1931
300 _a233 p.
_b: ilus.
590 _aBATCH-UPD
_b10
_c20130110
_lUCH01
_h1058
590 _aCONVERSION
_b10
_c20130109
_lUCH01
_h1317
650 1 4 _aCoco.
_924234
901 _aBK
942 _cLIBRO
949 _a634.61 C66
_bBC
_cLIBRO
_d-81557
_eLIBRO
_h23000
_i35306
_si
999 _c30222
_d30222